00679nam a2200253 a 4500001001300000003000900013005001700022008004100039020001000080082001600090100001800106245002700124260004800151300000900199500003500208505001200243650001600255650000900271700001800280902000800298942000700306952009700313999001500410nice12345678IN_TiNIC20260116012744.0050524s1964 edia grp 000 0 eng  ac10000a340.59bCOU aCoulson, J N, aHistory of Islamic Law aEdinburghbEdinburgh University Pressc1964 a264p aincludes index and biblioraphy2 aIndices aIslamic-Law aFiqh1 aCoulson, J N, bSRS cBK 00104070aHMIbHMId2007-05-02g100.00l0o340.59 COUp014957r2007-05-02w2026-01-16yEB c8245d8245